[Event "AUT-ch U14"]
[Site "Woerth"]
[Date "2015.05.23"]
[Round "1.5"]
[White "Maresic, Julian"]
[Black "Pellizzari, Sebastian"]
[Result "1-0"]
[WhiteElo "1761"]
[BlackElo "1587"]
[PlyCount "47"]
[EventDate "2015.05.23"]
[EventType "swiss"]
[EventRounds "7"]
[EventCountry "AUT"]
[SourceTitle "EXT 2024"]
[Source "ChessBase"]
[SourceDate "2023.10.10"]
[SourceVersion "1"]
[SourceVersionDate "2023.10.10"]
[SourceQuality "1"]

1. Nf3 d5 2. c4 d4 3. e3 Nc6 4. exd4 Nxd4 5. Nxd4 Qxd4 6. Nc3 c6 7. Be2 e5 8. d3 Ne7 9. Be3 Qd8 10. 0-0 Nf5 11. Qd2 Bb4 12. a3 Nxe3 13. fxe3 Bxc3 14. Qxc3 Qe7 15. d4 0-0 16. d5 Bd7 17. Rad1 cxd5 18. Rxd5 f6 19. Rfd1 Be6 20. Rd6 Rad8 21. c5 Rxd6 22. Rxd6 Rd8 23. Rxe6 Qxe6 24. Bc4 1-0

[Event "AUT-ch U14"]
[Site "Woerth"]
[Date "2014.06.09"]
[Round "5"]
[White "Maresic, Julian"]
[Black "Benesch, Julian"]
[Result "1/2-1/2"]
[WhiteElo "1687"]
[BlackElo "1654"]
[PlyCount "62"]
[EventDate "2014.06.07"]
[EventType "swiss"]
[EventRounds "7"]
[EventCountry "AUT"]
[SourceTitle "EXT 2016"]
[Source "ChessBase"]
[SourceDate "2015.10.08"]
[SourceVersion "1"]
[SourceVersionDate "2015.10.08"]
[SourceQuality "1"]

1. Nf3 c6 2. c4 d6 3. g3 e5 4. d3 Nd7 5. Nc3 f5 6. Bg2 Ngf6 7. 0-0 Be7 8. d4 e4 9. Nd2 d5 10. c5 Nf8 11. Qa4 Ng6 12. e3 0-0 13. b4 Bd7 14. Re1 h5 15. h4 Ng4 16. Bh3 Bxh4 17. Ne2 Bg5 18. Nf1 h4 19. Nf4 Bxf4 20. exf4 hxg3 21. fxg3 Qf6 22. Qd1 Nh6 23. Be3 Ne7 24. a3 Be8 25. Nh2 Bd7 26. Nf1 Kf7 27. Ra2 Rh8 28. Rh2 Rag8 29. Kg2 Be8 30. Nd2 Rh7 31. Reh1 Rgh8 1/2-1/2

[Event "EU-ch U12 23rd"]
[Site "Budva"]
[Date "2013.10.08"]
[Round "9"]
[White "Shirshov, Nikolay"]
[Black "Maresic, Julian"]
[Result "0-1"]
[WhiteElo "1794"]
[BlackElo "1672"]
[PlyCount "74"]
[EventDate "2013.09.29"]
[EventType "swiss"]
[EventRounds "9"]
[EventCountry "MNE"]
[SourceTitle "EXT 2014"]
[Source "ChessBase"]
[SourceDate "2013.11.20"]
[SourceVersion "1"]
[SourceVersionDate "2013.11.20"]
[SourceQuality "1"]

1. d4 Nf6 2. c4 g6 3. Nc3 Bg7 4. e4 d6 5. h3 0-0 6. Bg5 Na6 7. Bd3 e5 8. d5 Qe8 9. g4 Nd7 10. Nge2 Ndc5 11. Bb1 f5 12. gxf5 gxf5 13. exf5 Bxf5 14. Bxf5 Rxf5 15. Be3 e4 16. Nc1 Qf7 17. Qg4 Nb4 18. Bxc5 dxc5 19. Qe2 Nd3+ 20. Nxd3 exd3 21. Qxd3 Re8+ 22. Ne4 Rxe4+ 23. Qxe4 Re5 24. Qxe5 Bxe5 25. 0-0-0 Qxf2 26. Rhg1+ Kh8 27. Rdf1 Qxb2+ 28. Kd1 Qb1+ 29. Ke2 Qxa2+ 30. Kd3 Qb3+ 31. Ke4 Bg7 32. Rc1 Qxh3 33. Rgf1 Qh4+ 34. Kf5 Qf6+ 35. Kg4 Qd4+ 36. Rf4 Qxf4+ 37. Kxf4 Bh6+ 0-1

[Event "EU Union-ch U13 11th"]
[Site "Mureck"]
[Date "2013.08.05"]
[Round "6"]
[White "Muha, Miljenko"]
[Black "Maresic, Julian"]
[Result "1-0"]
[WhiteElo "1862"]
[BlackElo "1711"]
[PlyCount "53"]
[EventDate "2013.07.31"]
[EventType "swiss"]
[EventRounds "9"]
[EventCountry "AUT"]
[SourceTitle "CBM 155 Extra"]
[Source "ChessBase"]
[SourceDate "2013.08.26"]
[SourceVersion "1"]
[SourceVersionDate "2013.08.26"]
[SourceQuality "1"]

1. d4 Nf6 2. c4 g6 3. Nc3 Bg7 4. e4 d6 5. f3 0-0 6. Nge2 Nbd7 7. Be3 c5 8. Qd2 a6 9. Ng3 cxd4 10. Bxd4 Ne5 11. Be2 Be6 12. b3 Qa5 13. Rc1 Rac8 14. 0-0 Rfd8 15. Rc2 Nc6 16. Be3 Nd7 17. Na4 Qc7 18. f4 Nc5 19. Nc3 Nb4 20. Rcc1 Qa5 21. f5 Bd7 22. Nd5 Nxd5 23. Qxa5 Nxe3 24. Rf3 Bd4 25. Kh1 Bc6 26. Qd2 e5 27. Rxe3 1-0

[Event "EU Union-ch U13 11th"]
[Site "Mureck"]
[Date "2013.07.31"]
[Round "1"]
[White "Blond Hanten, Elsa"]
[Black "Maresic, Julian"]
[Result "1/2-1/2"]
[WhiteElo "1477"]
[BlackElo "1711"]
[PlyCount "40"]
[EventDate "2013.07.31"]
[EventType "swiss"]
[EventRounds "9"]
[EventCountry "AUT"]
[SourceTitle "CBM 155 Extra"]
[Source "ChessBase"]
[SourceDate "2013.08.26"]
[SourceVersion "1"]
[SourceVersionDate "2013.08.26"]
[SourceQuality "1"]

1. e4 c6 2. d4 d5 3. Nc3 dxe4 4. Nxe4 Bf5 5. Ng3 Bg6 6. Nf3 Nd7 7. h4 h6 8. h5 Bh7 9. Bd3 Bxd3 10. Qxd3 e6 11. Be3 Qa5+ 12. Bd2 Qc7 13. 0-0-0 Ngf6 14. Rhe1 0-0-0 15. Qe2 c5 16. Ne5 Nxe5 17. dxe5 Nd5 18. f4 g6 19. hxg6 fxg6 20. Ne4 Qf7 1/2-1/2

[Event "AUT-ch U12"]
[Site "Linz"]
[Date "2013.05.21"]
[Round "7"]
[White "Prato, Simon"]
[Black "Maresic, Julian"]
[Result "0-1"]
[WhiteElo "1514"]
[BlackElo "1711"]
[PlyCount "58"]
[EventDate "2013.05.18"]
[EventType "swiss"]
[EventRounds "7"]
[EventCountry "AUT"]
[SourceTitle "EXT 2015"]
[Source "ChessBase"]
[SourceDate "2014.11.20"]
[SourceVersion "1"]
[SourceVersionDate "2014.11.20"]
[SourceQuality "1"]

1. e4 c6 2. c4 d5 3. cxd5 cxd5 4. exd5 Nf6 5. Nc3 Nxd5 6. Nf3 e6 7. d4 Bb4 8. Bd2 Nc6 9. a3 Ba5 10. Bd3 0-0 11. 0-0 Nf6 12. Ne2 Bc7 13. Bg5 Bd7 14. Bc2 Ne7 15. Bxf6 gxf6 16. Qd3 f5 17. Qd2 Ng6 18. Ng3 Bf4 19. Qd3 Bc6 20. Ne2 Bh6 21. Rad1 Rc8 22. Nd2 Kh8 23. Bb3 Rg8 24. Rfe1 Bxg2 25. Ng3 Bc6 26. Kf1 Nf4 27. Qb1 Qh4 28. Nc4 Qh3+ 29. Kg1 Qg2# 0-1

[Event "AUT-ch U12"]
[Site "Linz"]
[Date "2013.05.20"]
[Round "5"]
[White "Maresic, Julian"]
[Black "Morgunov, Daniel"]
[Result "1-0"]
[WhiteElo "1711"]
[BlackElo "1448"]
[PlyCount "131"]
[EventDate "2013.05.18"]
[EventType "swiss"]
[EventRounds "7"]
[EventCountry "AUT"]
[SourceTitle "EXT 2015"]
[Source "ChessBase"]
[SourceDate "2014.11.20"]
[SourceVersion "1"]
[SourceVersionDate "2014.11.20"]
[SourceQuality "1"]

1. Nf3 d5 2. c4 e6 3. g3 Nf6 4. Bg2 dxc4 5. Qa4+ c6 6. Qxc4 b5 7. Qc2 Bb7 8. 0-0 Nbd7 9. d3 c5 10. Bd2 Be7 11. a3 Rc8 12. Qb3 a6 13. Nc3 Qb6 14. Rac1 0-0 15. Rc2 Rfd8 16. Rfc1 Nd5 17. Qa2 b4 18. Na4 Qb5 19. axb4 Nxb4 20. Bxb4 Qxb4 21. Nd2 Bxg2 22. Kxg2 Rc7 23. Nc4 Rb7 24. Nc3 Ra8 25. Ne4 Qb3 26. Qa1 Rbb8 27. Rc3 Qb7 28. Na5 Qd5 29. Kg1 f5 30. Nd2 Bf6 31. R3c2 Rc8 32. Ndc4 Rab8 33. Qa4 Nb6 34. Nxb6 Rxb6 35. Rb1 Rb4 36. Qa3 Rcb8 37. Nc4 Qc6 38. Ra1 Ra8 39. Nd2 Qb5 40. Nc4 Qc6 41. Ne3 Qb5 42. Nd1 Rb3 43. Qxc5 Qxc5 44. Rxc5 Bxb2 45. Nxb2 Rxb2 46. e3 Kf7 47. Rc7+ Kf6 48. Kg2 a5 49. Ra4 Rb3 50. d4 Rb5 51. Kf3 h6 52. h4 g5 53. hxg5+ hxg5 54. g4 Ra6 55. Rc8 fxg4+ 56. Kxg4 Rf5 57. f3 Rb6 58. e4 Rfb5 59. Ra8 Rb4 60. R8xa5 Rxa4 61. Rxa4 Rb8 62. Ra6 Re8 63. d5 Ke5 64. Rxe6+ Rxe6 65. dxe6 Kxe6 66. Kxg5 1-0

[Event "AUT-ch U12"]
[Site "Linz"]
[Date "2013.05.19"]
[Round "4"]
[White "Benesch, Julian"]
[Black "Maresic, Julian"]
[Result "1/2-1/2"]
[WhiteElo "1592"]
[BlackElo "1711"]
[PlyCount "71"]
[EventDate "2013.05.18"]
[EventType "swiss"]
[EventRounds "7"]
[EventCountry "AUT"]
[SourceTitle "EXT 2015"]
[Source "ChessBase"]
[SourceDate "2014.11.20"]
[SourceVersion "1"]
[SourceVersionDate "2014.11.20"]
[SourceQuality "1"]

1. d4 Nf6 2. c4 g6 3. Nc3 Bg7 4. Bf4 d6 5. e3 0-0 6. Nf3 a6 7. Be2 c5 8. dxc5 dxc5 9. 0-0 Nc6 10. a3 Bf5 11. Ra2 Nh5 12. Bg3 Nxg3 13. hxg3 Qa5 14. Nd5 Rfd8 15. Qe1 Qxe1 16. Rxe1 Rd6 17. Nd2 e6 18. Nb6 Rad8 19. Nb3 Ne5 20. Na4 b6 21. Nc3 Bd3 22. Bxd3 Rxd3 23. Nc1 Rd2 24. b3 Nf3+ 25. gxf3 Bxc3 26. Rxd2 Rxd2 27. Rf1 Bb2 28. a4 Bc3 29. f4 Rb2 30. Rd1 Rb1 31. Rf1 Bd2 32. Nd3 Rxb3 33. Ne5 Rc3 34. Rb1 Rc1+ 35. Rxc1 Bxc1 36. Nd7 1/2-1/2

[Event "AUT-ch U12"]
[Site "Linz"]
[Date "2013.05.19"]
[Round "3"]
[White "Pellizzari, Sebastian"]
[Black "Maresic, Julian"]
[Result "0-1"]
[WhiteElo "1495"]
[BlackElo "1711"]
[PlyCount "72"]
[EventDate "2013.05.18"]
[EventType "swiss"]
[EventRounds "7"]
[EventCountry "AUT"]
[SourceTitle "EXT 2015"]
[Source "ChessBase"]
[SourceDate "2014.11.20"]
[SourceVersion "1"]
[SourceVersionDate "2014.11.20"]
[SourceQuality "1"]

1. d4 Nf6 2. c4 g6 3. Nc3 Bg7 4. Bg5 0-0 5. e3 d6 6. Nf3 c5 7. Qc2 Nbd7 8. Be2 a6 9. 0-0 Qc7 10. Rfd1 b6 11. a4 Re8 12. Rdb1 Bb7 13. b4 cxd4 14. exd4 Rac8 15. b5 a5 16. Qd3 Nf8 17. Ra2 Ne6 18. g3 Bxf3 19. Bxf6 Bxe2 20. Rxe2 Bxf6 21. Nd5 Qd8 22. Rbe1 Bg7 23. Kf1 Bf8 24. f4 Ng7 25. Re4 e6 26. Ne3 f5 27. Nxf5 exf5 28. Rxe8 Nxe8 29. Qe2 Qd7 30. Kg1 Nf6 31. c5 dxc5 32. dxc5 Bxc5+ 33. Kg2 Qd5+ 34. Kh3 Re8 35. Qf1 Ne4 36. Rd1 Nf2+ 0-1

[Event "AUT-ch U10 Boys+Girls"]
[Site "Imst"]
[Date "2011.06.24"]
[Round "1.10"]
[White "Maresic, Julian"]
[Black "Haslwanter, Celina"]
[Result "1-0"]
[WhiteElo "1378"]
[BlackElo "1125"]
[PlyCount "51"]
[EventDate "2011.06.24"]
[EventType "swiss"]
[EventRounds "7"]
[EventCountry "AUT"]
[SourceTitle "EXT 2024"]
[Source "ChessBase"]
[SourceDate "2023.10.10"]
[SourceVersion "1"]
[SourceVersionDate "2023.10.10"]
[SourceQuality "1"]

1. e4 e5 2. Nf3 Nc6 3. d4 d6 4. d5 Nb4 5. Bd2 a5 6. a3 Na6 7. Nc3 Be7 8. Bc4 Nf6 9. 0-0 0-0 10. h3 h6 11. Re1 Re8 12. Qe2 Nc5 13. Rab1 b6 14. Bd3 Bd7 15. Be3 c6 16. Rbd1 Rc8 17. Bxc5 bxc5 18. Ba6 Qb6 19. Bxc8 Bxc8 20. Na4 Qc7 21. dxc6 Qxc6 22. Nc3 Bb7 23. Qc4 Rf8 24. Nd5 Rd8 25. Nxe7+ Kf8 26. Nxc6 1-0

[Event "AUT-ch U10 Boys+Girls"]
[Site "Imst"]
[Date "2011.06.24"]
[Round "3.6"]
[White "Maresic, Julian"]
[Black "Leisch, Lukas"]
[Result "1/2-1/2"]
[WhiteElo "1378"]
[BlackElo "1306"]
[PlyCount "93"]
[EventDate "2011.06.24"]
[EventType "swiss"]
[EventRounds "7"]
[EventCountry "AUT"]
[SourceTitle "EXT 2024"]
[Source "ChessBase"]
[SourceDate "2023.10.10"]
[SourceVersion "1"]
[SourceVersionDate "2023.10.10"]
[SourceQuality "1"]

1. e4 e5 2. Nf3 Nc6 3. Nc3 Nf6 4. d4 exd4 5. Nxd4 Bc5 6. Be3 Ne7 7. Bc4 c6 8. Qf3 d5 9. exd5 Nexd5 10. h3 0-0 11. 0-0 Nxe3 12. fxe3 Bxd4 13. exd4 Qxd4+ 14. Kh1 Qxc4 15. Qg3 Be6 16. Rxf6 Kh8 17. Rf4 Qc5 18. Rd1 Rad8 19. Rdf1 Qd6 20. Ne4 Qe5 21. Ng5 f6 22. Nxe6 Qxe6 23. b3 Rg8 24. Re1 Qf7 25. Rfe4 Rdf8 26. Re7 Qg6 27. Qxg6 hxg6 28. Rxb7 Ra8 29. Re4 g5 30. h4 Kh7 31. h5 Kh6 32. g4 Rgd8 33. Ree7 Rd1+ 34. Kg2 Rg8 35. Kf3 Rf1+ 36. Ke4 Rf4+ 37. Ke3 Rxg4 38. Rxa7 Rh4 39. Kf3 Rxh5 40. Kg4 Rh2 41. c4 Kg6 42. Rec7 Rh4+ 43. Kg3 Rf4 44. Rxc6 Re8 45. Rcc7 Re3+ 46. Kg2 Re2+ 47. Kg3 1/2-1/2